[Event "X Weekend A Primavera"]
[Site "Genova ITA"]
[Date "2007.03.23"]
[Round "1"]
[White "Badano, Fabio"]
[Black "Pesce, Gabriele"]
[Result "0-1"]
[WhiteElo "1804"]
[BlackElo "1984"]
[PlyCount "74"]
[EventDate "2007.03.23"]

1. e4 c5 2. Nf3 Nc6 3. d4 cxd4 4. Nxd4 e5 5. Nb5 d6 6. N1c3 a6 7. Na3 Be6 8.
Bc4 Nf6 9. Bg5 Be7 10. Bxf6 Bxf6 11. Nd5 O-O 12. c3 Bg5 13. Nc2 Rc8 14. Bb3 Kh8
15. Nce3 Bxe3 16. Nxe3 Na5 17. Nd5 Nxb3 18. axb3 f5 19. exf5 Qh4 20. Ra4 Qg5
21. fxe6 Qxg2 22. Rf1 Rc5 23. Ne3 Qg6 24. Qxd6 Qb1+ 25. Nd1 Rcc8 26. Qd7 Rfd8
27. Rc4 Rb8 28. Rc7 Rxd7 29. exd7 Qf5 30. Ne3 Qh3 31. Nc4 Qe6 32. Nd6 Rg8 33.
Nxb7 Qg6 34. Rc8 Qe4+ 35. Kd2 Qd5+ 36. Ke2 Qxd7 37. Rxg8+ Kxg8 0-1

[Event "X Weekend A Primavera"]
[Site "Genova ITA"]
[Date "2007.03.23"]
[Round "1"]
[White "Bavosi, Mariano"]
[Black "Vicari, Luigi"]
[Result "0-1"]
[WhiteElo "1866"]
[BlackElo "2044"]
[PlyCount "68"]
[EventDate "2007.03.23"]

1. d4 Nf6 2. c4 g6 3. Nc3 Bg7 4. Nf3 O-O 5. Bg5 d6 6. e3 Nbd7 7. Be2 c6 8. O-O
Qc7 9. h3 Re8 10. Qc2 e5 11. dxe5 dxe5 12. Rad1 Nc5 13. g4 a5 14. Bxf6 Bxf6 15.
Ne4 Nxe4 16. Qxe4 Be6 17. Rd2 Rad8 18. Rfd1 Rxd2 19. Rxd2 Qe7 20. Nxe5 Qb4 21.
Rc2 Bd5 22. Qd3 Qe1+ 23. Bf1 Rxe5 24. cxd5 Rxd5 25. Qe2 Qb1 26. a3 Rd1 27. Rd2
Re1 28. Qd3 Qc1 29. Kg2 Rxf1 30. Qd6 Rg1+ 31. Kf3 Kg7 32. e4 Qf1 33. Kf4 Qxh3
34. Qd7 Rxg4+ 0-1

[Event "X Weekend A Primavera"]
[Site "Genova ITA"]
[Date "2007.03.23"]
[Round "1"]
[White "Biancotti, Alessandro"]
[Black "Astengo, Marcello"]
[Result "1-0"]
[WhiteElo "1895"]
[BlackElo "2072"]
[PlyCount "97"]
[EventDate "2007.03.23"]

1. e4 e6 2. d4 d5 3. Nd2 Nf6 4. e5 Nfd7 5. Ngf3 c5 6. c3 Nc6 7. Nb3 c4 8. Nbd2
b5 9. b3 Bb7 10. Be2 Be7 11. O-O O-O 12. Re1 Qc7 13. Nf1 Rfc8 14. Bg5 Ba3 15.
Bd2 Nb6 16. Ng3 b4 17. Bc1 Bxc1 18. Rxc1 Qe7 19. Qd2 Rab8 20. cxb4 Nxb4 21. a3
Na6 22. b4 Bc6 23. h4 Nc7 24. Ra1 Ba4 25. Rec1 Nb5 26. Bd1 Bxd1 27. Qxd1 a6 28.
Qc2 h6 29. Ne2 Qa7 30. g4 Nd7 31. g5 hxg5 32. Nxg5 Nf8 33. Qd2 Rc6 34. Nf3 Rbc8
35. Nc3 Nc7 36. Kh2 Ne8 37. Rg1 Qe7 38. h5 Kh8 39. Rg3 Nh7 40. Rag1 R6c7 41.
Ng5 Nxg5 42. Rxg5 f6 43. exf6 Qxf6 44. Rg6 Qh4+ 45. Kg2 Rf7 46. h6 Nf6 47. Rh1
Ne4 48. hxg7+ Kg8 49. Rxh4 1-0

[Event "X Weekend A Primavera"]
[Site "Genova ITA"]
[Date "2007.03.23"]
[Round "1"]
[White "Brenco, Marco"]
[Black "Menichini, Massimo"]
[Result "1-0"]
[WhiteElo "1922"]
[BlackElo "1566"]
[PlyCount "27"]
[EventDate "2007.03.23"]

1. e4 Nf6 2. e5 Nd5 3. d4 d6 4. Nf3 Bg4 5. Be2 dxe5 6. Nxe5 Bxe2 7. Qxe2 Nd7 8.
Nxf7 Kxf7 9. Qh5+ Ke6 10. c4 N5f6 11. d5+ Kd6 12. Qf5 Kc5 13. Be3+ Kb4 14. Qd3
1-0

[Event "X Weekend A Primavera"]
[Site "Genova ITA"]
[Date "2007.03.23"]
[Round "1"]
[White "Caputi, Giuliano"]
[Black "Pesce, Leandro"]
[Result "1-0"]
[WhiteElo "1950"]
[BlackElo "1716"]
[PlyCount "89"]
[EventDate "2007.03.23"]

1. c4 Nf6 2. Nc3 g6 3. g3 Bg7 4. Bg2 O-O 5. Nf3 d6 6. O-O e5 7. d3 Nc6 8. Rb1
a5 9. a3 Re8 10. Bg5 h6 11. Be3 Ng4 12. Bd2 Nf6 13. Qc1 Kh7 14. h3 Be6 15. b4
axb4 16. axb4 Nd4 17. Nxd4 exd4 18. Nb5 c6 19. Nxd4 Bd7 20. Be3 Ng8 21. Qd2 Qc8
22. Kh2 f5 23. Nb3 Qc7 24. Bd4 Be5 25. Qb2 f4 26. Bxe5 dxe5 27. Nc5 Bf5 28. Ne4
Bxe4 29. Bxe4 Nf6 30. Bg2 Nh5 31. Bf3 fxg3+ 32. fxg3 Nxg3 33. Kxg3 e4+ 34. Kg2
exf3+ 35. Rxf3 Qe7 36. e4 Rad8 37. Rbf1 Rf8 38. b5 Rxf3 39. Rxf3 Ra8 40. Qf6
Ra2+ 41. Kg3 Qc7+ 42. e5 g5 43. Qf5+ Kg7 44. Qf8+ Kg6 45. Rf6+ 1-0

[Event "X Weekend A Primavera"]
[Site "Genova ITA"]
[Date "2007.03.23"]
[Round "1"]
[White "Caridi, Nicolo'"]
[Black "Fabbricini, Dante"]
[Result "1-0"]
[WhiteElo "1919"]
[BlackElo "1502"]
[PlyCount "73"]
[EventDate "2007.03.23"]

1. d4 Nf6 2. c4 e6 3. Nc3 Bb4 4. e3 c5 5. Bd3 O-O 6. Nf3 d5 7. O-O Nc6 8. a3
Bxc3 9. bxc3 Qa5 10. Qc2 dxc4 11. Bxc4 b5 12. Ba2 c4 13. e4 Bb7 14. Bb1 e5 15.
d5 Ne7 16. Nxe5 Ng6 17. Nxg6 fxg6 18. Be3 Rae8 19. Bc5 Rf7 20. f3 a6 21. Bd4
Nd7 22. Qb2 Qc7 23. a4 Nc5 24. Bc2 Qb6 25. axb5 axb5 26. Qb4 Rc8 27. Rfb1 Ba6
28. Rxa6 Nxa6 29. Bxb6 Nxb4 30. Rxb4 Rb7 31. Bd4 Ra8 32. e5 Ra1+ 33. Rb1 Rxb1+
34. Bxb1 b4 35. cxb4 Rxb4 36. Be4 Kf7 37. e6+ 1-0

[Event "X Weekend A Primavera"]
[Site "Genova ITA"]
[Date "2007.03.23"]
[Round "1"]
[White "De Florio, Federico"]
[Black "Del Noce, Roberto"]
[Result "1-0"]
[WhiteElo "2053"]
[BlackElo "1881"]
[PlyCount "51"]
[EventDate "2007.03.23"]

1. d4 d5 2. Nf3 Nf6 3. e3 e6 4. Bd3 c5 5. O-O c4 6. Be2 Nc6 7. b3 b5 8. a4 Ba6
9. axb5 Bxb5 10. Nbd2 Qc7 11. bxc4 Bxc4 12. Nxc4 dxc4 13. Bxc4 Bd6 14. e4 Nxe4
15. Re1 Nf6 16. d5 Rd8 17. Qe2 Ne7 18. Bb5+ Kf8 19. dxe6 Ng4 20. h3 Nxf2 21.
Qxf2 Bg3 22. Qxa7 Qxa7+ 23. Rxa7 Bxe1 24. Ba3 Rb8 25. Bxe7+ Kg8 26. exf7+ 1-0

[Event "X Weekend A Primavera"]
[Site "Genova ITA"]
[Date "2007.03.23"]
[Round "1"]
[White "Gardini, Enrico"]
[Black "De Santis, Alessio"]
[Result "0-1"]
[WhiteElo "1915"]
[BlackElo "2307"]
[PlyCount "62"]
[EventDate "2007.03.23"]

1. e4 c5 2. Nf3 e6 3. d4 cxd4 4. Nxd4 a6 5. Bd3 Nf6 6. Bg5 Qb6 7. Bxf6 gxf6 8.
Nb3 Nc6 9. Qf3 Rg8 10. O-O Ne5 11. Qe2 Ng6 12. Qg4 h5 13. Qd1 Nf4 14. g3 h4 15.
Kh1 hxg3 16. fxg3 Ng6 17. Qf3 Be7 18. N1d2 d6 19. Nc4 Qc7 20. e5 Nxe5 21. Nxe5
dxe5 22. Qe4 Bd7 23. Qe3 f5 24. c3 Bc6+ 25. Kg1 f4 26. Qe1 fxg3 27. Be4 gxh2+
28. Kxh2 Rh8+ 29. Kg2 f5 30. Bxc6+ Qxc6+ 31. Rf3 Rg8+ 0-1

[Event "X Weekend A Primavera"]
[Site "Genova ITA"]
[Date "2007.03.23"]
[Round "1"]
[White "Gioseffi, Massimiliano"]
[Black "Merlo, Andrea"]
[Result "1-0"]
[WhiteElo "1726"]
[BlackElo "1971"]
[PlyCount "53"]
[EventDate "2007.03.23"]

1. d4 Nf6 2. c4 g6 3. Nc3 Bg7 4. Nf3 O-O 5. g3 d6 6. Bg2 Re8 7. O-O c6 8. e4
Nbd7 9. Re1 e5 10. d5 cxd5 11. cxd5 Nb6 12. a4 a6 13. Qb3 Qc7 14. a5 Nc4 15.
Qb4 b6 16. axb6 Nxb6 17. Qa5 Qb7 18. b3 Nbd7 19. Ba3 Bf8 20. Nd2 Qb6 21. Nc4
Qxa5 22. Nxa5 Nb6 23. Na4 Nxa4 24. bxa4 Rb8 25. Nc4 Bd7 26. Nxd6 Bxd6 27. Bxd6
1-0

[Event "X Weekend A Primavera"]
[Site "Genova ITA"]
[Date "2007.03.23"]
[Round "1"]
[White "Gnetti, Paolo"]
[Black "Banchio, Davide"]
[Result "0-1"]
[WhiteElo "1671"]
[BlackElo "1946"]
[PlyCount "44"]
[EventDate "2007.03.23"]

1. e4 c5 2. Nf3 d6 3. d4 cxd4 4. Nxd4 Nf6 5. Nc3 g6 6. Be3 Bg7 7. Bc4 O-O 8.
Qd2 Nc6 9. Nxc6 bxc6 10. O-O-O Ng4 11. h4 Nxe3 12. fxe3 h5 13. Rhf1 Rb8 14. Bb3
Qb6 15. Na4 Qb4 16. Qf2 Be6 17. Rh1 Bxb3 18. axb3 Qxe4 19. g4 Qxg4 20. Rdg1 Qe6
21. Rh2 Rb4 22. Rgg2 Re4 0-1

[Event "X Weekend A Primavera"]
[Site "Genova ITA"]
[Date "2007.03.23"]
[Round "1"]
[White "Grassi, Pietro"]
[Black "Bitossi, Massimo"]
[Result "1-0"]
[WhiteElo "2199"]
[BlackElo "1815"]
[PlyCount "45"]
[EventDate "2007.03.23"]

1. e4 Nf6 2. e5 Nd5 3. d4 d6 4. f4 dxe5 5. fxe5 Nc6 6. Nf3 Bg4 7. Be2 e6 8. O-O
Be7 9. Nc3 Nb6 10. Be3 Qd7 11. a4 Na5 12. b3 h6 13. Nd2 Bxe2 14. Qxe2 Nc6 15.
Qf2 f5 16. exf6 Bxf6 17. Nde4 Bxd4 18. Rad1 Bxe3 19. Qxe3 Qe7 20. Nc5 e5 21.
Nxb7 Rb8 22. Qe4 Qe6 23. Nc5 1-0

[Event "X Weekend A Primavera"]
[Site "Genova ITA"]
[Date "2007.03.23"]
[Round "1"]
[White "Gromovs, Sergejs"]
[Black "Del Nevo, Claudio"]
[Result "1-0"]
[WhiteElo "2347"]
[BlackElo "1921"]
[PlyCount "47"]
[EventDate "2007.03.23"]

1. d4 d6 2. e4 Nf6 3. Nc3 g6 4. Bc4 Bg7 5. Qe2 c6 6. e5 dxe5 7. dxe5 Nd5 8. Bd2
O-O 9. O-O-O e6 10. Nf3 Nd7 11. h4 h5 12. Rdg1 f5 13. exf6 N7xf6 14. Ne5 Nxc3
15. Bxc3 Bh6+ 16. Kb1 Kh7 17. Bd3 Rg8 18. g4 hxg4 19. h5 Nd5 20. hxg6+ Kg7 21.
Bd4 Nf6 22. c3 Qd5 23. Nxg4 Bg5 24. Rh7+ 1-0

[Event "X Weekend A Primavera"]
[Site "Genova ITA"]
[Date "2007.03.23"]
[Round "1"]
[White "Manfredi, Vincenzo"]
[Black "Gallucci, Alessio"]
[Result "1-0"]
[WhiteElo "2134"]
[BlackElo "1910"]
[PlyCount "59"]
[EventDate "2007.03.23"]

1. d4 c5 2. d5 Nf6 3. Nc3 d6 4. e4 g6 5. Nf3 Bg7 6. Bb5+ Bd7 7. a4 O-O 8. O-O
Na6 9. Re1 Nc7 10. h3 Nxb5 11. axb5 a6 12. bxa6 Rxa6 13. Rxa6 bxa6 14. e5 dxe5
15. Nxe5 Kh8 16. Qf3 Qb8 17. Nxd7 Nxd7 18. Rxe7 Ne5 19. Qf4 Qd6 20. Rb7 Re8 21.
Be3 Qd8 22. Qa4 f5 23. d6 f4 24. Bxf4 Ng4 25. Re7 Rf8 26. hxg4 Bd4 27. Qxd4+
cxd4 28. Be5+ Kg8 29. Rg7+ Kh8 30. Rxg6+ 1-0

[Event "X Weekend A Primavera"]
[Site "Genova ITA"]
[Date "2007.03.23"]
[Round "1"]
[White "Melling, Jonathon"]
[Black "Zunino, Davide"]
[Result "0-1"]
[WhiteElo "1545"]
[BlackElo "1917"]
[PlyCount "79"]
[EventDate "2007.03.23"]

1. e4 d6 2. Nc3 Nf6 3. d4 c6 4. Bg5 Nbd7 5. Nf3 h6 6. Bh4 Qb6 7. Rb1 Qc7 8. Be2
e5 9. Bg3 Nh5 10. Nxe5 Nxg3 11. Nxd7 Nxh1 12. Nxf8 Nxf2 13. Kxf2 Rxf8 14. d5
Bd7 15. Qd2 O-O-O 16. b4 Qb6+ 17. Qe3 Qxe3+ 18. Kxe3 f5 19. dxc6 bxc6 20. b5
Rde8 21. Kd4 fxe4 22. Ke3 Kc7 23. Rb4 d5 24. Rd4 Re5 25. bxc6 Bxc6 26. Nb5+
Bxb5 27. Bxb5 Rg5 28. g3 Rf3+ 29. Ke2 Rh5 30. Kd1 Rxh2 31. Rxd5 Rxg3 32. Kc1
Kb6 33. Bc4 e3 34. Re5 Rgg2 35. Bd3 Rg1+ 36. Kb2 e2 37. Bxe2 Re1 38. Rb5+ Kc6
39. Bd3 Rd1 40. Kc3 0-1

[Event "X Weekend A Primavera"]
[Site "Genova ITA"]
[Date "2007.03.23"]
[Round "1"]
[White "Rodriguez Alvarez, Alan"]
[Black "Rivara, Massimo"]
[Result "1-0"]
[WhiteElo "2116"]
[BlackElo "1888"]
[PlyCount "55"]
[EventDate "2007.03.23"]

1. Nf3 c5 2. g3 Nf6 3. c4 g6 4. Bg2 Bg7 5. Nc3 Nc6 6. O-O O-O 7. d4 cxd4 8.
Nxd4 Nxd4 9. Qxd4 d6 10. Qh4 Rb8 11. Bg5 Re8 12. Rad1 Qb6 13. b3 Bd7 14. e4 Bc6
15. Nd5 Bxd5 16. exd5 a5 17. Rd3 Nd7 18. Re1 Bf6 19. Bh3 Bxg5 20. Qxg5 Ne5 21.
Rde3 Qb4 22. R1e2 Qc5 23. Kg2 Nc6 24. Bd7 Nd4 25. Bxe8 Nxe2 26. Bxf7+ Kxf7 27.
Rxe7+ Kg8 28. Qf6 1-0

[Event "X Weekend A Primavera"]
[Site "Genova ITA"]
[Date "2007.03.23"]
[Round "1"]
[White "Saffioti, Cristian"]
[Black "Dal Zotto, Lorenzo"]
[Result "1-0"]
[WhiteElo "1938"]
[BlackElo "1644"]
[PlyCount "58"]
[EventDate "2007.03.23"]

1. e4 e5 2. Nf3 d6 3. d4 Nd7 4. Nc3 Be7 5. Bc4 c6 6. Be3 h6 7. Qd2 Ngf6 8. h3
b5 9. Bb3 a5 10. a3 Rb8 11. Qd3 Qc7 12. O-O Nf8 13. Nh4 g5 14. Nf5 Ng6 15. g3
Bf8 16. Rad1 Rg8 17. Kg2 Be6 18. Bxe6 fxe6 19. dxe5 Nxe5 20. Nxd6+ Bxd6 21.
Qxd6 Qxd6 22. Rxd6 Kf7 23. b3 Rbd8 24. Rfd1 Rd7 25. f4 gxf4 26. Bxf4 Rxd6 27.
Rxd6 b4 28. Bxe5 bxc3 29. Rxc6 Nxe4 1-0

[Event "X Weekend A Primavera"]
[Site "Genova ITA"]
[Date "2007.03.23"]
[Round "1"]
[White "Tampoia, Chiara"]
[Black "Pedemonte, Claudio"]
[Result "1-0"]
[WhiteElo "1602"]
[BlackElo "1928"]
[PlyCount "65"]
[EventDate "2007.03.23"]

1. e4 d5 2. exd5 Qxd5 3. Nc3 Qa5 4. d3 e5 5. Bd2 c6 6. Nf3 Bd6 7. Ne4 Qc7 8.
Be2 Ne7 9. O-O O-O 10. Nh4 f5 11. Nxd6 Qxd6 12. Kh1 Nd7 13. f4 Nf6 14. c3 Be6
15. fxe5 Qxe5 16. Bf4 Qd5 17. d4 Qd7 18. Qc2 Nfd5 19. Bd2 Rad8 20. Bc4 Nf6 21.
Bxe6+ Qxe6 22. Rfe1 Ne4 23. Bg5 Rde8 24. Bxe7 Rxe7 25. Qb3 Qd5 26. Qxd5+ cxd5
27. Kg1 g6 28. Nf3 b5 29. a3 a5 30. Ne5 Rc7 31. Nd3 Kg7 32. Nf4 Ra8 33. Ne6+
1-0

[Event "X Weekend A Primavera"]
[Site "Genova ITA"]
[Date "2007.03.23"]
[Round "1"]
[White "Virgilio, Gianluca"]
[Black "Brun, Dario"]
[Result "0-1"]
[WhiteElo "1891"]
[BlackElo "2128"]
[PlyCount "90"]
[EventDate "2007.03.23"]

1. e4 e5 2. Nf3 Nc6 3. Bb5 a6 4. Bxc6 dxc6 5. O-O Bg4 6. h3 h5 7. d3 Qf6 8. Bg5
Bxf3 9. Bxf6 Bxd1 10. Bxg7 Bxg7 11. Rxd1 Ne7 12. Nd2 O-O-O 13. Nc4 Ng6 14. g3
h4 15. Kg2 Rh5 16. Rh1 f5 17. exf5 Rxf5 18. Ne3 Rf7 19. Rhf1 Bf8 20. Nc4 e4 21.
dxe4 Rd4 22. Ne3 Rxe4 23. Rae1 Rfe7 24. c3 hxg3 25. fxg3 Rxe3 26. Rxe3 Rxe3 27.
Rf6 Re2+ 28. Kf3 Rxb2 29. Rxg6 Kd7 30. h4 Rxa2 31. h5 Rh2 32. g4 Ke7 33. Kg3
Rc2 34. g5 Rxc3+ 35. Kf4 Rh3 36. Kg4 Rh1 37. Rf6 a5 38. Rf2 Bg7 39. g6 Rg1+ 40.
Kh3 Bf6 41. Re2+ Kf8 42. Re6 Kg7 43. Kh2 Rg5 44. h6+ Kxg6 45. h7 Rh5+ 0-1

[Event "X Weekend A Primavera"]
[Site "Genova ITA"]
[Date "2007.03.23"]
[Round "1"]
[White "Vozza, Nicola"]
[Black "Nikolajevic, Tihomir"]
[Result "0-1"]
[WhiteElo "1971"]
[BlackElo "1750"]
[PlyCount "102"]
[EventDate "2007.03.23"]

1. d4 Nf6 2. c4 e6 3. Nc3 Bb4 4. e3 c5 5. Nge2 cxd4 6. exd4 a5 7. a3 Be7 8. Ng3
O-O 9. Be2 d5 10. cxd5 exd5 11. O-O Nc6 12. Bf3 Be6 13. Be3 Qd7 14. Na4 Qc7 15.
Rc1 b6 16. Qb3 Rab8 17. Qb5 Rfc8 18. Rc2 Qb7 19. Rfc1 Na7 20. Rxc8+ Bxc8 21.
Qb3 Bd6 22. Bg5 Ne4 23. Bxe4 dxe4 24. Nc3 Bxg3 25. hxg3 Bf5 26. Qd5 Bg6 27.
Qxb7 Rxb7 28. Nd5 f6 29. Be3 Bf7 30. Nf4 g5 31. Ne2 Nb5 32. a4 Nc7 33. Nc3 Bd5
34. Nxd5 Nxd5 35. Rc6 Kf7 36. Rd6 Nxe3 37. fxe3 Ke7 38. Rc6 b5 39. Ra6 bxa4 40.
Rxa5 Rb4 41. Ra7+ Ke6 42. Rxh7 Rxb2 43. Ra7 Ra2 44. g4 a3 45. Ra6+ Ke7 46. Ra7+
Ke6 47. Ra6+ Kd5 48. Kf1 Ra1+ 49. Kf2 a2 50. Kg3 Kc4 51. d5 Kxd5 0-1

[Event "X Weekend A Primavera"]
[Site "Genova ITA"]
[Date "2007.03.24"]
[Round "2"]
[White "Banchio, Davide"]
[Black "Gromovs, Sergejs"]
[Result "0-1"]
[WhiteElo "1946"]
[BlackElo "2347"]
[PlyCount "46"]
[EventDate "2007.03.23"]

1. e4 c5 2. Nc3 Nc6 3. f4 e6 4. Nf3 d5 5. Bb5 d4 6. Bxc6+ bxc6 7. Ne2 Nf6 8. d3
Be7 9. O-O O-O 10. Qe1 a5 11. Ne5 Qc7 12. c3 Nd7 13. cxd4 cxd4 14. Nxd4 Nxe5
15. fxe5 Qxe5 16. Qc3 Bb4 17. Qc4 Bc5 18. Be3 Ba6 19. Qc3 Rad8 20. Nc2 Qxc3 21.
bxc3 Bxe3+ 22. Nxe3 Rxd3 23. Rf3 Rxc3 0-1

[Event "X Weekend A Primavera"]
[Site "Genova ITA"]
[Date "2007.03.24"]
[Round "2"]
[White "Biancotti, Alessandro"]
[Black "Grassi, Pietro"]
[Result "1-0"]
[WhiteElo "1895"]
[BlackElo "2199"]
[PlyCount "27"]
[EventDate "2007.03.23"]

1. e4 e5 2. Nf3 Nc6 3. Bb5 a6 4. Ba4 Nf6 5. O-O b5 6. Bb3 Bc5 7. c3 d6 8. d3
Bb7 9. Bg5 O-O 10. Nbd2 Qe7 11. Nh4 g6 12. Kh1 h6 13. Bxh6 Nh5 14. Nxg6 1-0

[Event "X Weekend A Primavera"]
[Site "Genova ITA"]
[Date "2007.03.24"]
[Round "2"]
[White "Bitossi, Massimo"]
[Black "Bavosi, Mariano"]
[Result "1-0"]
[WhiteElo "1815"]
[BlackElo "1866"]
[PlyCount "65"]
[EventDate "2007.03.23"]

1. d4 d5 2. Nc3 Bf5 3. f3 e6 4. e4 dxe4 5. fxe4 Bg6 6. Nf3 Bb4 7. Bd3 Nc6 8. e5
Nge7 9. Be3 Nd5 10. Bxg6 hxg6 11. Qd3 Bxc3+ 12. bxc3 Nxe3 13. Qxe3 Qd5 14. O-O
Na5 15. Ng5 Nc4 16. Qf2 f6 17. exf6 Qxg5 18. fxg7 O-O-O 19. gxh8=Q Rxh8 20. Qf4
Qe7 21. Rae1 Re8 22. d5 Qc5+ 23. Qd4 Qxd4+ 24. cxd4 e5 25. Rf6 e4 26. Rxg6 e3
27. Re6 Rxe6 28. dxe6 Kd8 29. g4 Ke7 30. Kg2 Kxe6 31. Kf3 Kd5 32. Rxe3 Kxd4 33.
Re4+ 1-0

[Event "X Weekend A Primavera"]
[Site "Genova ITA"]
[Date "2007.03.24"]
[Round "2"]
[White "Brun, Dario"]
[Black "Saffioti, Cristian"]
[Result "1-0"]
[WhiteElo "2128"]
[BlackElo "1938"]
[PlyCount "65"]
[EventDate "2007.03.23"]

1. d4 Nf6 2. c4 g6 3. Nc3 d5 4. cxd5 Nxd5 5. e4 Nxc3 6. bxc3 Bg7 7. Bc4 c5 8.
Ne2 O-O 9. Be3 Nc6 10. O-O Qc7 11. Rc1 Rd8 12. Bf4 Qd7 13. d5 Na5 14. Bd3 e5
15. Bg5 f6 16. Be3 b6 17. f4 exf4 18. Nxf4 Qe7 19. Qf3 Nb7 20. d6 Nxd6 21. Nd5
Qf8 22. Nxf6+ Bxf6 23. Qxf6 Qxf6 24. Rxf6 c4 25. Be2 Ba6 26. Bf3 Bb7 27. e5
Bxf3 28. exd6 Be2 29. Bh6 Bg4 30. Re1 Re8 31. Re7 Rad8 32. Rg7+ Kh8 33. Rff7
1-0

[Event "X Weekend A Primavera"]
[Site "Genova ITA"]
[Date "2007.03.24"]
[Round "2"]
[White "Dal Zotto, Lorenzo"]
[Black "Gardini, Enrico"]
[Result "1-0"]
[WhiteElo "1644"]
[BlackElo "1915"]
[PlyCount "69"]
[EventDate "2007.03.23"]

1. e4 e5 2. Nf3 Nf6 3. Nxe5 d6 4. Nf3 Nxe4 5. d4 d5 6. Bd3 Bd6 7. O-O O-O 8. c4
c6 9. Nc3 Re8 10. Re1 Bf5 11. Qc2 Bb4 12. Be3 Na6 13. c5 Qa5 14. Rac1 Nxc3 15.
bxc3 Bxd3 16. Qxd3 Ba3 17. Rc2 b5 18. Rce2 Nc7 19. Ng5 g6 20. Nf3 b4 21. c4
dxc4 22. Qxc4 Nd5 23. Ne5 Rxe5 24. dxe5 Nxe3 25. Rxe3 Bb2 26. e6 Qc7 27. exf7+
Qxf7 28. Re8+ Rxe8 29. Rxe8+ Kg7 30. Qxf7+ Kxf7 31. Rb8 Bd4 32. Rb7+ Kg8 33.
Rxa7 Bxc5 34. Rc7 b3 35. axb3 1-0

[Event "X Weekend A Primavera"]
[Site "Genova ITA"]
[Date "2007.03.24"]
[Round "2"]
[White "De Santis, Alessio"]
[Black "Caputi, Giuliano"]
[Result "1-0"]
[WhiteElo "2307"]
[BlackElo "1950"]
[PlyCount "57"]
[EventDate "2007.03.23"]

1. d4 d5 2. c4 c6 3. Nc3 dxc4 4. Nf3 Nf6 5. g3 b5 6. Bg2 Bb7 7. O-O e6 8. Qc2
Qb6 9. b3 cxb3 10. Qxb3 Be7 11. Rb1 Nbd7 12. Ba3 Qa5 13. Bxe7 Kxe7 14. a4 Rhd8
15. Ne5 Nxe5 16. Qa3+ Ke8 17. dxe5 Nd5 18. Ne4 b4 19. Qb3 c5 20. Rfc1 Rac8 21.
Nd6+ Rxd6 22. exd6 Kd7 23. e4 Nb6 24. Qf3 f6 25. Qh5 e5 26. Bh3+ Kxd6 27. Qf7
Bxe4 28. Rd1+ Kc6 29. Bxc8 1-0

[Event "X Weekend A Primavera"]
[Site "Genova ITA"]
[Date "2007.03.24"]
[Round "2"]
[White "Del Nevo, Claudio"]
[Black "Badano, Fabio"]
[Result "1-0"]
[WhiteElo "1921"]
[BlackElo "1804"]
[PlyCount "112"]
[EventDate "2007.03.23"]

1. d4 Nf6 2. Nf3 e6 3. Bg5 b6 4. e3 Bb7 5. Bd3 c5 6. c3 h6 7. Bh4 g5 8. Bg3 Be4
9. Qc2 Bxf3 10. gxf3 d5 11. Bxb8 Rxb8 12. Qa4+ Nd7 13. Bb5 Rb7 14. Nd2 c4 15.
e4 Qe7 16. O-O-O Qd6 17. exd5 exd5 18. Rde1+ Kd8 19. Re2 Bg7 20. Rhe1 Bf6 21.
h3 h5 22. Kb1 Kc7 23. Nf1 Nb8 24. Ne3 Nc6 25. Nf5 Qf4 26. Ne3 Qd6 27. Bxc6 Qxc6
28. Qc2 b5 29. Qf5 Rd8 30. Qh7 Kb8 31. a3 a5 32. Nc2 Qd7 33. Qxh5 b4 34. axb4
axb4 35. Nxb4 Qa4 36. Qg4 Ra7 37. Qf5 Qa1+ 38. Kc2 Qa4+ 39. Kd2 Bxd4 40. Qc2
Qxc2+ 41. Kxc2 Bc5 42. Nc6+ Kc7 43. Nxa7 Bxa7 44. Re7+ Rd7 45. Rxd7+ Kxd7 46.
Re5 Kd6 47. Rxg5 Bxf2 48. Rg2 Bh4 49. Rg4 Bf6 50. h4 Ke6 51. h5 Kf5 52. h6 Ke6
53. h7 Ke5 54. Rg8 Kf4 55. h8=Q Bxh8 56. Rxh8 Kxf3 1-0

[Event "X Weekend A Primavera"]
[Site "Genova ITA"]
[Date "2007.03.24"]
[Round "2"]
[White "Del Noce, Roberto"]
[Black "Merlo, Andrea"]
[Result "0-1"]
[WhiteElo "1881"]
[BlackElo "1971"]
[PlyCount "64"]
[EventDate "2007.03.23"]

1. e4 c5 2. Nf3 d6 3. d4 cxd4 4. Nxd4 Nf6 5. Nc3 g6 6. Be3 Bg7 7. Qd2 Ng4 8.
O-O-O Nxe3 9. fxe3 O-O 10. Bc4 Nc6 11. h4 Ne5 12. Bb3 h5 13. Rdf1 Bd7 14. Nd1
a5 15. a3 b5 16. Nf2 Qb6 17. Nh3 Nc4 18. Qf2 Bh6 19. Bxc4 bxc4 20. c3 Rab8 21.
Nf4 e5 22. Nd5 Qa7 23. Nf3 Bc6 24. Re1 Bxd5 25. exd5 Qc5 26. Qd2 Rb3 27. Ng5
Bxg5 28. hxg5 Rfb8 29. Qc2 Qxd5 30. Rh2 Rxb2 31. Qxb2 Rxb2 32. Kxb2 Qd2+ 0-1

[Event "X Weekend A Primavera"]
[Site "Genova ITA"]
[Date "2007.03.24"]
[Round "2"]
[White "Fabbricini, Dante"]
[Black "Tampoia, Chiara"]
[Result "1-0"]
[WhiteElo "1502"]
[BlackElo "1602"]
[PlyCount "71"]
[EventDate "2007.03.23"]

1. Nf3 d5 2. c4 c6 3. g3 Nf6 4. Bg2 Bf5 5. d3 dxc4 6. e4 Bg4 7. e5 Nfd7 8. d4
e6 9. O-O Be7 10. Nbd2 Nb6 11. Qc2 Bxf3 12. Nxf3 N8d7 13. Be3 O-O 14. Rac1 Rb8
15. Nd2 a6 16. f4 Nd5 17. Bf2 N7b6 18. f5 Bg5 19. Rcd1 Bxd2 20. Rxd2 Nb4 21.
Qe4 Nxa2 22. Qg4 exf5 23. Qxf5 Qc8 24. Qh5 Nd5 25. Bh3 Qe8 26. Re2 c3 27. b3
Ndb4 28. Be1 Qd8 29. e6 Qxd4+ 30. Bf2 Qd5 31. Re5 g6 32. Rxd5 gxh5 33. Rg5+ Kh8
34. Bd4+ f6 35. Rxf6 h6 36. Rxh6# 1-0

[Event "X Weekend A Primavera"]
[Site "Genova ITA"]
[Date "2007.03.24"]
[Round "2"]
[White "Gallucci, Alessio"]
[Black "Gnetti, Paolo"]
[Result "1-0"]
[WhiteElo "1910"]
[BlackElo "1671"]
[PlyCount "47"]
[EventDate "2007.03.23"]

1. e4 Nf6 2. e5 Nd5 3. d4 d6 4. c4 Nb6 5. f4 dxe5 6. fxe5 Nc6 7. Be3 g6 8. Be2
Bg7 9. Nf3 O-O 10. O-O a5 11. Nc3 a4 12. Qd2 Na5 13. Bh6 Naxc4 14. Qc1 Be6 15.
Bxg7 Kxg7 16. Kh1 c6 17. Ng5 Bd5 18. Nxd5 cxd5 19. Rxf7+ Rxf7 20. Ne6+ Kg8 21.
Nxd8 Rxd8 22. b3 Na5 23. Qc7 Rc8 24. Qxb6 1-0

[Event "X Weekend A Primavera"]
[Site "Genova ITA"]
[Date "2007.03.24"]
[Round "2"]
[White "Gioseffi, Massimiliano"]
[Black "Brenco, Marco"]
[Result "1-0"]
[WhiteElo "1726"]
[BlackElo "1922"]
[PlyCount "73"]
[EventDate "2007.03.23"]

1. d4 Nf6 2. c4 c5 3. d5 e6 4. Nc3 exd5 5. cxd5 d6 6. e4 g6 7. Be2 Bg7 8. Nf3
a6 9. a4 Bg4 10. Nd2 Bxe2 11. Qxe2 O-O 12. O-O Nbd7 13. a5 Qc7 14. Nc4 b5 15.
axb6 Nxb6 16. Na5 Rfe8 17. Qc2 Nfd7 18. f4 c4 19. f5 Bd4+ 20. Kh1 Ne5 21. Ne2
Bc5 22. f6 Ng4 23. Ng3 Ne3 24. Bxe3 Bxe3 25. Qe2 Bh6 26. Qg4 Kh8 27. Qh4 Bf8
28. Rf3 Nd7 29. Nc6 Ne5 30. Nxe5 Rxe5 31. Nf5 gxf5 32. Rh3 h6 33. Raa3 Kh7 34.
Rag3 Rxe4 35. Qxh6+ Bxh6 36. Rg7+ Kh8 37. Rxh6# 1-0

[Event "X Weekend A Primavera"]
[Site "Genova ITA"]
[Date "2007.03.24"]
[Round "2"]
[White "Menichini, Massimo"]
[Black "Virgilio, Gianluca"]
[Result "1-0"]
[WhiteElo "1566"]
[BlackElo "1891"]
[PlyCount "50"]
[EventDate "2007.03.23"]

1. e4 c5 2. Nf3 Nc6 3. Nc3 e5 4. Bc4 Be7 5. Nd5 Nf6 6. Nxe7 Qxe7 7. d3 a6 8. a3
b5 9. Ba2 d6 10. O-O Be6 11. Bxe6 Qxe6 12. Be3 Ng4 13. Bd2 O-O 14. Ng5 Qd7 15.
f4 a5 16. f5 Nf6 17. Nf3 d5 18. Bc3 d4 19. Bd2 c4 20. Bg5 Ne8 21. f6 Nxf6 22.
Bxf6 gxf6 23. Nh4 Qe6 24. Nf5 Ne7 25. Qg4+ Kh8 1-0